Transitional settlement and reconstruction after natural disasters (Record no. 110213)
[ view plain ]
| 000 -LEADER | |
|---|---|
| fixed length control field | 01053cam a22002535a 4500 |
| 001 - CONTROL NUMBER | |
| control field | E148763 |
| 008 - FIXED-LENGTH DATA ELEMENTS--GENERAL INFORMATION | |
| fixed length control field | 091106s2008 sz f 000 0 eng d |
| 035 ## - SYSTEM CONTROL NUMBER | |
| System control number | (Sirsi) u148763 |
| 041 0# - LANGUAGE CODE | |
| Language code of text/sound track or separate title | eng |
| 050 04 - LIBRARY OF CONGRESS CALL NUMBER | |
| Classification number | 658.477 $2 18 |
| 100 1# - MAIN ENTRY--PERSONAL NAME | |
| Personal name | Corsellis, Tom |
| 245 00 - TITLE STATEMENT | |
| Title | Transitional settlement and reconstruction after natural disasters |
| 250 ## - EDITION STATEMENT | |
| Edition statement | Field edition |
| 260 ## - PUBLICATION, DISTRIBUTION, ETC. | |
| Place of publication, distribution, etc. | Geneva |
| Name of publisher, distributor, etc. | United Nations |
| Date of publication, distribution, etc. | 2008 |
| 300 ## - PHYSICAL DESCRIPTION | |
| Extent | x, 310p. |
| Dimensions | 21cm. |
| 505 2# - FORMATTED CONTENTS NOTE | |
| Formatted contents note | Principles and coordination -- Planning for response -- Responding to hazards -- Transitional settlement options, displaced populations -- Transitional reconstruction options, non-displaced populations -- Implementing a response -- Toolkits -- Resources |
| 520 ## - SUMMARY, ETC. | |
| Summary, etc. | Offers guidance to those dealing with sudden disasters on issues such as planning a response, and coordinating with humanitarian and developmental organisations. |
| 521 ## - TARGET AUDIENCE NOTE | |
| Target audience note | Advanced |
| 590 ## - LOCAL NOTE (RLIN) | |
| Local note | KA |
| 651 #4 - SUBJECT ADDED ENTRY--GEOGRAPHIC NAME | |
| Geographic name | International |
| 690 ## - LOCAL SUBJECT ADDED ENTRY--TOPICAL TERM (OCLC, RLIN) | |
| Topical term or geographic name as entry element | Construction management |
| 9 (RLIN) | 6230 |
| 700 1# - ADDED ENTRY--PERSONAL NAME | |
| Personal name | Vitale, Antonella |
| 942 ## - ADDED ENTRY ELEMENTS (KOHA) | |
| Suppress in OPAC | 0 |
| Withdrawn status | Lost status | Source of classification or shelving scheme | Damaged status | Not for loan | Home library | Current library | Shelving location | Date acquired | Total Checkouts | Full call number | Barcode | Date last seen | Copy number | Price effective from | Koha item type |
|---|---|---|---|---|---|---|---|---|---|---|---|---|---|---|---|
| Dewey Decimal Classification | London | London | Books | 06/11/2009 | 658.477 COR | 30076507 | 06/08/2019 | 1 | 06/08/2019 | Book |